000 00876nam0a22002651 4500
001 rc\2615333
005 20250623140152.0
035 _a(NLR Aleph) 006779099
090 _a6025226
_c6025226
100 _a20110914d1931 |||y0rusy50 ca
101 0 _arus
102 _aRU
105 _ay z |||||
200 1 _aЗяблевая вспашка применительно к условиям Восточной Сибири
_fК. Бастрыков
210 _aИркутск
_cОгиз
_d1931
_gтип. изд-ва "Власть труда"
215 _a16 с.
_d18х12 см.
300 _aПредисловие: Быков
300 _aБез тит. л. Описано по обложке
700 1 _aБастрыков
_bК.
801 0 _aRU
_bNLR
_gpsbo
801 1 _aRU
_bELAR
_2rusmarc
852 _aNLR
_j31-8/10964
942 _cBOOK
980 _aNB